LEADER 01302nam a2200301 u 4500 001 000000026787 003 CaOOAMICUS 005 20070226111621.0 008 951117s1936 it u000 u lat u 035 $a10693171 040 $aPUL$bita 100 1 $aTromp, Sebastianus,$cS.I.$0(OLS)http://pul/name/19788 245 10$aActio catholica in corpore Christi /$cauctore Sebastiano Tromp. 260 $aRoma :$bPontificia Università Gregoriana,$c1936. 300 $a51 p. ;$c23 cm 504 $aBibliografia in nota 650 4$aTeologia dogmatica.$0(OLS)http://pul/subject/663 650 4$aCristologia.$0(OLS)http://pul/subject/1402 850 $aPUL 852 $aPUL$W1$xDP1 Fondo Maccarrone$y58$m1501 G 40$j37387$nBK-PRI$b $qFondi$B37387$CPULBib$Z2$F37387 $H $81 852 $aPUL$W1$xDP1 Fondo Giannini$y60$m1559 D 45$j37388$nBK-PRI$b $qFondi$B37388$CPULBib$Z2$F37388 $H $81 941 1 $a1 960 $aIesus Christus$91402 960 $aIesus Christus$91402 961 $aINV: 00516 -- Fondo Mons. M. Maccarrone 961 $aINV: F, Giannini 996 $6245$aActio catholica in corpore Christi$9(OLS)http://pul/title/36727 996 $6260$aRoma :$bPontificia Università Gregoriana$9(OLS)http://pul/publisher/47853 LEADER 01428nam a2200325 a 4500 001 000000159229 003 CaOOAMICUS 005 20170306100113.0 008 170306s2016 gw a u000 u ger r 020 $a978-3-643-12387-9* 032 $aLibriCat 040 $aPUL$bita 082 04$a270.3 245 00$aBenedikt - gestern und heute :$bNorm, Tradition, Interaktion /$cDaniela Hoffmann, Tanja Skambraks (Hg.) 260 $aMünster :$bLIT,$cİ2016. 300 $aXXVI, 261 p. :$bill., ;$c24 cm. 490 1 $aVita regularis. Abhandlungen ;$v55 504 $aBibliografia in nota. 600 04$aBenedictus,$cs., abate di Montecassino,$d480-543$xCritica e interpretazione.$0(OLS)http://pul/subject/3469 700 1 $aSkambraks, Tanja.$0(OLS)http://pul/name/101770 700 1 $aHoffmann, Daniela.$0(OLS)http://pul/name/101769 830 0$aVita regularis.$pAbhandlungen ;$v55.$0(OLS)http://pul/title/174050 850 $aPUL 852 $aPUL$W1$xSL Religione 3$y85$m270. 3 COLL 1.1.55$j182536$qDDC 21$B185743$CPULBib$Z2$F185743 $H129060 $81 941 1 $a9 996 $6020$a978-3-643-12387-9*$9(OLS)http://pul/number/162144 996 $6082$a270.3$9(OLS)http://pul/classification/2546 996 $6245$aBenedikt - gestern und heute :$bNorm, Tradition, Interaktion$9(OLS)http://pul/title/198843 996 $6260$aMünster :$bLIT$9(OLS)http://pul/publisher/72107